Statistics for Fifa YouTubers Quiz

Click here to take the quiz!

General Stats

  • This quiz has been taken 1,602 times
    (1,427 since last reset)
  • The average score is 6 of 13

Answer Stats

ClueYouTuber% Correct
EASY - Most popular fifa YouTuber with over 9 million subs atmKSI
96%
Second most popular, usually recognised for his old wagers and pink slipsW2S
86%
Known for the series Your Ultimate Teamminiminter
79%
HARDER - Millwall fan famous for his Packed Out seriesZerkaa
74%
Most popular female fifa YTerFangs
68%
He's known as 'The Pack King' after he packed PeleAnEsonGib
53%
Fromerly the Fifa Playa, he now is the proud creator of series such as London UnitedSpencerFC
51%
Has more dislikes than likes now and has removed the subs count on his channelGudjonDaniel lol
25%
Biggest career mode YouTuberMgh
21%
Gained an audience after beating Question 1 answer in a Fifa 13 pink slipsbateson87
15%
Awesome CM youtuber with long running series'. Over 100k subsdocks
4%
EVEN HARDER - Very consistent player reviews (not ITANI) with nearly 30k subsScoutingForFifa
2%
Brazilian YTer and quite loudFredRPVasquez
1%

Score Distribution

Percentile by Number Answered

Percent of People with Each Score

Your Score History

You have not taken this quiz since the last reset